000 00671nam a2200217 i 4500
001 168214
003 ES-MaACL
005 20250717013110.0
008 051005s1901 fr | |||||||| ||fre d
040 _aCAM
_bspa
_cCAM
100 1 _aZola, Émile,
_d1840-1902
_9118331
245 1 0 _aTravail /
_cpar Émile Zola.
260 _aParis :
_bEugène Fasquelle,
_c1901.
300 _a666 p. ;
_c19 cm.
490 1 _aLes Quatre Évangiles
490 1 _aBibliothèque Charpentier
830 0 _aLes Quatre Évangiles
_9222700
830 0 0 _aBibliothèque Charpentier
_9182245
852 _aES-MaACL
_jB-3217
_z-- Enc. pasta española
999 _c168214
_d168214